Storm of Swords: Most Mentioned Quiz Stats

 Plays Quiz Updated Jan 16, 2013

Challenge
Share
Tweet
Embed
Score 0/50 Timer 10:00
0 Plays Today
# of Mentions Character % Correct
454Jon Snow
97%
398Tyrion Lannister
96.7%
360Arya Stark
96.4%
350Sansa Stark
94.9%
252Cersei Lannister
94.3%
338Jaime Lannister
93.7%
360Robb Stark
93.5%
384Daenerys Targaryen
93.3%
300Catelyn Stark
92.3%
238Bran Stark
92.1%
256Tywin Lannister
91.5%
356Joffrey Baratheon
90%
128Eddard Stark
89.8%
248Stannis Baratheon
88.5%
152Jorah Mormont
86.8%
142Petyr Baelish
86.4%
306Samwell Tarly
85.9%
224Sandor Clegane
85.4%
168Gregor Clegane
83.4%
112Varys
82.6%
174Robert Baratheon
82.3%
202Brienne of Tarth
81.6%
108Tom Sevenstrings
80.4%
274Davos Seaworth
79.7%
116Melisandre
77.9%
# of Mentions Character % Correct
142Jeor Mormont
77.5%
90Loras Tyrell
74.1%
92Walder Frey
74%
208Mance Rayder
74%
162Ygritte
72.5%
128Hodor
72.4%
115Margaery Tyrell
72.2%
90Lysa Arryn
68.9%
132Oberyn Martell
68.7%
90Barristan Selmy
67.8%
121Jojen Reed
67.7%
148Gendry
67%
126Beric Dondarrion
65.4%
126Meera Reed
65.2%
112Bronn
63.2%
102Mace Tyrell
59.5%
140Edmure Tully
59%
92Thoros of Myr
59%
78Grenn
56.4%
90Kevan Lannister
51.3%
170Lem Lemoncloak
47.5%
80Aerys Targaryen
46.2%
84Podrick Payne
44.6%
96Anguy
36.6%
80Cleos Frey
34%

You're not logged in!

Compare scores with friends on all Sporcle quizzes.
Join for Free
OR
Log In

You Might Also Like...

Show Comments

Extras

Top Quizzes Today


Score Distribution

Your Account Isn't Verified!

In order to create a playlist on Sporcle, you need to verify the email address you used during registration. Go to your Sporcle Settings to finish the process.

Report this User

Report this user for behavior that violates our Community Guidelines.

Details: